| 000 | 02388njm a2200397Ia 4500 | ||
|---|---|---|---|
| 001 | 82684 | ||
| 003 | IT-RoPAU | ||
| 005 | 20220918181124.0 | ||
| 008 | 131025s9999 xx 000 0 und d | ||
| 040 | _aIT-RoPAU | ||
| 040 | _cIT-RoPAU | ||
| 999 |
_c100015 _d100015 |
||
| 999 | _bn.d. | ||
| 100 |
_aAA.VV. _9794 |
||
| 100 |
_eAutore musica _925976 |
||
| 100 |
_gCodice autore musica SPICS: 12000 _9796 |
||
| 245 | _aLicence To Kill (The James Bond 007 Original Motion Picture Soundtrack Album) | ||
| 250 | _a1a ed. | ||
| 260 | _aUSA | ||
| 260 |
_bMCA RECORDS _c1989 [1a Ed.:1989] |
||
| 300 | _aDISCO | ||
| 300 | _c46 minuti (Testo: 0 pag.) | ||
| 500 | _aColonna sonora di film interpretati da James Bond Agente 007. Musica da film. | ||
| 505 | _aJames & Felix On Their Way To Church (4:00) - His Funny Valentine (4:00) - Sanchez Is in the Bahamas/Shark Fishing (3:00) - Ninja (7:00) - Licence Revoked (8:00) - Licence To Kill [(dal film Licenza di Uccidere) (6:00)] - Wedding Party [(dal film Wedding Party) (4:00)] - Dirty Love [(dal Film Dirty Love) (4:00)] - Pam (4:00) - If You Asked To Me (4:00) | ||
| 650 |
_aCOLONNE SONORE [DISCHI] _eCodice MATERIA SPICS: 9950 _91905 |
||
| 700 |
_aKamen Michael _dCodice autore musica SPICS: 26930 _eAutore musica _pJames & Felix On Their Way To Church - His Funny Valentine - Sanchez Is in the Bahamas/Shark Fishing - Ninja - Licence Revoked - Pam _925978 |
||
| 700 |
_aNorman Monty _dCodice autore SPICS: 20368 _eAutore _pJames & Felix On Their Way To Church - Sanchez Is in the Bahamas/Shark Fishing - Ninja - Licence Revoked - Pam _925979 |
||
| 700 |
_aWalden Narada Michael _dCodice autore musica SPICS: 28661 _eAutore musica _pLicence To Kill _925980 |
||
| 700 |
_aCohen Jeffrey _dCodice autore SPICS: 20803 _eAutore _pLicence To Kill _925981 |
||
| 700 |
_aAfanasieff Walter _dCodice autore testo/musica SPICS: 28662 _eAutore testo/musica _pLicence To Kill _925982 |
||
| 700 |
_aDuncan Jimmy _dCodice autore musica SPICS: 28663 _eAutore musica _pWedding Party _925983 |
||
| 700 |
_aBrennan Phillip _dCodice autore SPICS: 28664 _eAutore _pWedding Party _925984 |
||
| 700 |
_aDubin Steve _dCodice autore musica SPICS: 28665 _eAutore musica _pDirty Love _925985 |
||
| 700 |
_aPescetto Jeff _dCodice autore SPICS: 28666 _eAutore _pDirty Love _925986 |
||
| 700 |
_aWarren Dianne _dCodice autore musica SPICS: 28388 _eAutore musica _pIf You Asked To Me _925987 |
||
| 942 |
_cMD _2ddc |
||